00437nmm a2200145Ia 4500008004100000020001800041041000800059100002000067245003800087264003900125300001800164490002600182650003200208856005100240251105s9999||||xx |||||||||||||||||und|| a9788446046141 aspa aAnderson, Perry 0aLas antinomias de Antonio Gramsci a[Madrid, España] :bAkal, c2018 a176 páginas aPensamiento crítico aPolitical Science (General) uhttps://public.digitaliapublishing.com/a/55189